मधुर चीजें (Record no. 1240361)

MARC details
000 -LEADER
fixed length control field 00641nam a2200193Ia 4500
008 - FIXED-LENGTH DATA ELEMENTS--GENERAL INFORMATION
fixed length control field 151121s9999||||xx |||||||||||||| ||und||
082 ## - DEWEY DECIMAL CLASSIFICATION NUMBER
Classification number 781/पाटण
082 ## - DEWEY DECIMAL CLASSIFICATION NUMBER
Item number HNW-58547
100 ## - MAIN ENTRY--PERSONAL NAME
Personal name पाटणकर जी।एस।
245 ## - TITLE STATEMENT
Title मधुर चीजें
260 ## - PUBLICATION, DISTRIBUTION, ETC. (IMPRINT)
Name of publisher, distributor, etc "संगीत कार्यालय, हाथरस,उत्तरप्रदेश"
260 ## - PUBLICATION, DISTRIBUTION, ETC. (IMPRINT)
Date of publication, distribution, etc --
300 ## - PHYSICAL DESCRIPTION
Extent 125
600 ## - SUBJECT ADDED ENTRY--PERSONAL NAME
Personal name पाटणकर जी।एस।
630 ## - SUBJECT ADDED ENTRY--UNIFORM TITLE
Uniform title मधुर चीजें
700 ## - ADDED ENTRY--PERSONAL NAME
Personal name पाटणकर जी।एस।
730 ## - ADDED ENTRY--UNIFORM TITLE
Uniform title मधुर चीजें
942 ## - ADDED ENTRY ELEMENTS (KOHA)
Koha item type Book
Holdings
Withdrawn status Lost status Damaged status Not for loan Home library Current library Date acquired Cost, normal purchase price Total Checkouts Full call number Barcode Date last seen Cost, replacement price Price effective from Koha item type
        Hirachand Nemchand Wachanalaya, Solapur Hirachand Nemchand Wachanalaya, Solapur 11/21/2015 20.00   HNW-58547 HNW-58547 11/21/2015 20.00 11/21/2015 Book